[Event "1617LLO"]
[Site "Mecklenburg-Vorpommern"]
[Date "2017.01.15"]
[Round "5.7"]
[White "Lotz, Robert"]
[Black "Ernst, Mathias"]
[Result "1/2-1/2"]
[WhiteElo "1657"]
[BlackElo "1687"]
[PlyCount "104"]
[EventDate "2016.11.06"]
[EventType "team-tourn"]
[EventRounds "9"]
[SourceDate "2016.10.16"]
[WhiteTeam "Waren/Malchow"]
[BlackTeam "HSG Uni Rostock"]

1. e4 c5 2. Nf3 Nc6 3. d4 cxd4 4. Nxd4 d6 5. Bb5 Bd7 6. Bxc6 bxc6 7. O-O Nf6 8.
f3 e5 9. Ne2 Qb6+ 10. Kh1 Be7 11. Nbc3 h6 12. b3 O-O 13. Na4 Qc7 14. c4 Rad8
15. Ba3 Bc8 16. Qc2 d5 17. Bxe7 Qxe7 18. cxd5 cxd5 19. exd5 Nxd5 20. Qc5 Qxc5
21. Nxc5 Ne3 22. Rg1 Rd2 23. Ng3 f6 24. Rae1 Nc2 25. Re2 Rxe2 26. Nxe2 Rd8 27.
Nc3 f5 28. Rd1 Rd4 29. Kg1 Kf7 30. Kf2 Rxd1 31. Nxd1 Ke7 32. Ne3 Nxe3 33. Kxe3
Kd6 34. Nd3 Kd5 35. a3 g6 36. f4 e4 37. Nb4+ Kc5 38. Nc2 Be6 39. Nd4 Bd7 40. h3
h5 41. g3 Kd5 42. h4 Kc5 43. Nc2 Be6 44. Na1 Bd5 45. Kd2 a5 46. Kc3 Be6 47. Nc2
Bd7 48. a4 Be6 49. Na3 Bd5 50. Nc2 Be6 51. Nd4 Bc8 52. Nc2 Bd7 1/2-1/2

[Event "1617LLO"]
[Site "Mecklenburg-Vorpommern"]
[Date "2017.01.15"]
[Round "5.2"]
[White "Kilp, Gunnar"]
[Black "Wiese, Frank"]
[Result "1/2-1/2"]
[WhiteElo "1664"]
[BlackElo "1900"]
[PlyCount "54"]
[EventDate "2016.11.06"]
[EventType "team-tourn"]
[EventRounds "9"]
[SourceDate "2016.10.16"]
[WhiteTeam "SAV Torgelow-Droegeheide II"]
[BlackTeam "Waterkant Saal"]

1. d4 d5 2. Nf3 Nf6 3. Bf4 c5 4. c3 Nc6 5. Nbd2 cxd4 6. cxd4 g6 7. e3 Bg7 8.
Bb5 Bd7 9. O-O O-O 10. a3 Qb6 11. Bxc6 Bxc6 12. b4 Rac8 13. Qb3 Bb5 14. Rfc1
Qa6 15. Qb2 Qa4 16. Be5 Bc4 17. Bxf6 Bxf6 18. Rc3 Bb5 19. Rac1 Rxc3 20. Qxc3
Bc6 21. Qb3 Qa6 22. g3 e6 23. Qc3 Kg7 24. Qb3 Qe2 25. Re1 Qb5 26. Rc1 Qe2 27.
Re1 Qb5 1/2-1/2

[Event "1617LLO"]
[Site "Mecklenburg-Vorpommern"]
[Date "2017.01.15"]
[Round "5.3"]
[White "Onasch, Gunnar"]
[Black "Kilp, Andreas"]
[Result "0-1"]
[WhiteElo "1804"]
[BlackElo "1701"]
[PlyCount "62"]
[EventDate "2016.11.06"]
[EventType "team-tourn"]
[EventRounds "9"]
[SourceDate "2016.10.16"]
[WhiteTeam "Waterkant Saal"]
[BlackTeam "SAV Torgelow-Droegeheide II"]

1. d4 d5 2. c4 e6 3. Nc3 Nf6 4. cxd5 exd5 5. Bg5 Be7 6. Nf3 O-O 7. e3 c6 8. Bd3
Bg4 9. h3 Bh5 10. Qc2 Nbd7 11. Bf4 Re8 12. g4 Bg6 13. O-O Bxd3 14. Qxd3 Nb6 15.
Ne2 Bd6 16. Bxd6 Qxd6 17. Rfc1 Rad8 18. Rab1 Qe6 19. Nd2 Ne4 20. Nf4 Qd7 21. b3
f5 22. f3 Nxd2 23. Qxd2 Nc8 24. Nd3 Nd6 25. Ne5 Qe7 26. Re1 Rf8 27. Kg2 Nf7 28.
Nd3 Rd6 29. f4 fxg4 30. hxg4 Rh6 31. Rh1 Qe4+ 0-1

[Event "1617LLO"]
[Site "Mecklenburg-Vorpommern"]
[Date "2017.01.15"]
[Round "5.4"]
[White "Bollnow, Alex"]
[Black "Richter, Frank"]
[Result "0-1"]
[WhiteElo "1592"]
[BlackElo "1691"]
[PlyCount "54"]
[EventDate "2016.11.06"]
[EventType "team-tourn"]
[EventRounds "9"]
[SourceDate "2016.10.16"]
[WhiteTeam "SAV Torgelow-Droegeheide II"]
[BlackTeam "Waterkant Saal"]

1. e4 c6 2. d4 d5 3. Nc3 dxe4 4. Nxe4 Bf5 5. Ng3 Bg6 6. Nf3 Nd7 7. h4 h6 8. h5
Bh7 9. Bd3 Bxd3 10. Qxd3 e6 11. Bd2 Ngf6 12. O-O-O Qc7 13. Ne4 Nxe4 14. Qxe4
Nf6 15. Qe2 Bd6 16. Ne5 c5 17. Bc3 O-O 18. g4 Nd5 19. Bd2 cxd4 20. Nd3 Rac8 21.
Ne1 Qc6 22. g5 hxg5 23. h6 g6 24. h7+ Kg7 25. Qg4 Nf4 26. Qxg5 Ne2+ 27. Kb1
Qxh1 0-1

[Event "1617LLO"]
[Site "Mecklenburg-Vorpommern"]
[Date "2017.01.15"]
[Round "5.5"]
[White "Nickel, Reimo"]
[Black "Schmekel, Felix"]
[Result "1/2-1/2"]
[WhiteElo "1712"]
[BlackElo "1641"]
[PlyCount "102"]
[EventDate "2016.11.06"]
[EventType "team-tourn"]
[EventRounds "9"]
[SourceDate "2016.10.16"]
[WhiteTeam "Waterkant Saal"]
[BlackTeam "SAV Torgelow-Droegeheide II"]

1. d4 g6 2. Nf3 Bg7 3. c3 d6 4. Bg5 Nd7 5. e3 a6 6. Bc4 Ngf6 7. Qb3 O-O 8. Nbd2
b5 9. Be2 c5 10. a4 bxa4 11. Qxa4 Nb6 12. Qa5 cxd4 13. Nxd4 Bb7 14. O-O Nbd7
15. Bf3 Bxf3 16. N2xf3 Qc8 17. Qa4 Nc5 18. Qa5 e5 19. Ne2 Nb3 20. Qa3 Nxa1 21.
Bxf6 Rb8 22. Qxd6 Rxb2 23. Bxg7 Kxg7 24. Qxe5+ f6 25. Qe7+ Rf7 26. Qa3 Rxe2 27.
Rxa1 Rc2 28. h3 Ra7 29. Rc1 Rxc1+ 30. Qxc1 Rc7 31. Qa3 Qb7 32. Nd4 Qb6 33. Qa4
Qd6 34. Qb3 Kh6 35. g3 Qc5 36. Qg8 Qe7 37. Qa8 Rxc3 38. Qxa6 Rc1+ 39. Kg2 Rb1
40. Qe6 Qb7+ 41. Qc6 Qxc6+ 42. Nxc6 Kg7 43. Nd4 Ra1 44. g4 Ra2 45. Kg3 Kf7 46.
Kf3 Ke7 47. Kg3 Rb2 48. Kf3 Kd6 49. Ne2 Ke5 50. Ng3 Kd5 51. Ne4 Ke6 1/2-1/2

[Event "1617LLO"]
[Site "Mecklenburg-Vorpommern"]
[Date "2017.01.15"]
[Round "5.6"]
[White "Greinert, Timo"]
[Black "Ehmann, Roland"]
[Result "0-1"]
[WhiteElo "1805"]
[BlackElo "1540"]
[PlyCount "68"]
[EventDate "2016.11.06"]
[EventType "team-tourn"]
[EventRounds "9"]
[SourceDate "2016.10.16"]
[WhiteTeam "SAV Torgelow-Droegeheide II"]
[BlackTeam "Waterkant Saal"]

1. c4 d5 2. cxd5 Qxd5 3. Nc3 Qa5 4. Nf3 Nf6 5. e3 e6 6. d4 Be7 7. Bd2 c6 8. Bd3
Nbd7 9. Qc2 h6 10. Rc1 Qd8 11. a3 Nb6 12. O-O Bd7 13. Ne5 Rc8 14. b4 O-O 15. f4
Ne8 16. Qb3 Rc7 17. Ne4 Bc8 18. Rf3 Nd6 19. Nxd6 Bxd6 20. Rcf1 Nd5 21. Rg3 f5
22. e4 fxe4 23. Bxe4 Nf6 24. Bd3 Nd5 25. f5 Rf6 26. Rgf3 exf5 27. Bxf5 Bxf5 28.
Rxf5 Rxf5 29. Rxf5 Qh4 30. Nf3 Qe4 31. Rh5 Rf7 32. Rh4 Qe2 33. Qc2 Ne3 34. Qg6
Qf1# 0-1

[Event "1617LLO"]
[Site "Mecklenburg-Vorpommern"]
[Date "2017.01.15"]
[Round "5.7"]
[White "Nickel, Udo"]
[Black "Schmekel, Matthias"]
[Result "0-1"]
[WhiteElo "1633"]
[BlackElo "1527"]
[PlyCount "166"]
[EventDate "2016.11.06"]
[EventType "team-tourn"]
[EventRounds "9"]
[SourceDate "2016.10.16"]
[WhiteTeam "Waterkant Saal"]
[BlackTeam "SAV Torgelow-Droegeheide II"]

1. d4 f5 2. c4 g6 3. Nc3 Bg7 4. Nf3 Nf6 5. Bg5 d6 6. e3 Bd7 7. Bd3 Nc6 8. a3 e5
9. dxe5 dxe5 10. Be2 h6 11. Bxf6 Bxf6 12. O-O Ne7 13. Rc1 c6 14. Qd6 Nc8 15.
Qb4 Qc7 16. Rfd1 a5 17. Qb3 Ne7 18. Na4 Be6 19. Nc5 Bc8 20. Na4 Be6 21. Nc5 Bc8
22. Rd2 b6 23. Na4 Rb8 24. Qd1 Be6 25. Nc3 Kf7 26. e4 Rbd8 27. h3 g5 28. exf5
Bxf5 29. g4 e4 30. gxf5 exf3 31. Bxf3 Rxd2 32. Qxd2 Rd8 33. Bh5+ Kg7 34. Qe3
Nxf5 35. Qe4 Ne7 36. Qe6 Ng6 37. Ne4 Rf8 38. Rd1 Qf7 39. Rd7 Be7 40. Rxe7 Qxe7
41. Qxg6+ Kh8 42. Qxh6+ Kg8 43. Qg6+ Kh8 44. Qxc6 Qe5 45. Qg6 Qxb2 46. Qh6+ Kg8
47. Qg6+ Kh8 48. Qh6+ Kg8 49. Bg6 Qg7 50. Qxg7+ Kxg7 51. Bh5 Kh6 52. Be2 Rf4
53. f3 Rf5 54. Kg2 Re5 55. Kg3 Re6 56. Kg4 Re5 57. Bd3 Kg7 58. a4 Kh6 59. Bc2
Re7 60. Nxg5 Re2 61. Nf7+ Kg7 62. Be4 Kxf7 63. Kf5 Rh2 64. Bd5+ Ke7 65. Kg4
Rg2+ 66. Kh5 Kd6 67. f4 Rg3 68. h4 Ra3 69. Kg6 Rxa4 70. h5 Ra1 71. h6 Rg1+ 72.
Kf7 Rg4 73. f5 Rh4 74. Kg7 a4 75. f6 Rg4+ 76. Kf8 a3 77. Bf7 Kc5 78. Bh5 Rh4
79. h7 Rxh5 80. Kg7 a2 81. h8=Q Rxh8 82. Kxh8 a1=Q 83. Kg8 Qxf6 0-1

[Event "1617LLO"]
[Site "Mecklenburg-Vorpommern"]
[Date "2017.01.15"]
[Round "5.8"]
[White "Schmidt, Paul"]
[Black "Hiltner, Harald"]
[Result "1-0"]
[WhiteElo "1424"]
[BlackElo "1518"]
[PlyCount "67"]
[EventDate "2016.11.06"]
[EventType "team-tourn"]
[EventRounds "9"]
[SourceDate "2016.10.16"]
[WhiteTeam "SAV Torgelow-Droegeheide II"]
[BlackTeam "Waterkant Saal"]

1. e4 e5 2. Nf3 Nc6 3. Bb5 d6 4. d4 exd4 5. Nxd4 Bd7 6. O-O Nxd4 7. Bxd7+ Qxd7
8. Qxd4 Nf6 9. Nc3 Be7 10. Be3 O-O 11. Rad1 Rfd8 12. Rfe1 Ng4 13. Bf4 f6 14.
Bg3 Qc6 15. f4 Qb6 16. Qxb6 axb6 17. Nd5 Kf7 18. h3 Nh6 19. a3 f5 20. Nxe7 Kxe7
21. Bh4+ Kf7 22. Bxd8 Rxd8 23. e5 d5 24. Rd3 Ke6 25. Red1 Ng8 26. c4 Ne7 27. g4
c6 28. Kf2 g6 29. Ke3 c5 30. cxd5+ Nxd5+ 31. Kd2 b5 32. Kc1 Rd7 33. gxf5+ gxf5
34. R1d2 1-0

[Event "1617LLO"]
[Site "Mecklenburg-Vorpommern"]
[Date "2017.01.15"]
[Round "5.1"]
[White "Ryll, Detlef"]
[Black "Hartung, Lothar"]
[Result "0-1"]
[WhiteElo "1764"]
[BlackElo "1799"]
[PlyCount "228"]
[EventDate "2016.11.06"]
[EventType "team-tourn"]
[EventRounds "9"]
[SourceDate "2016.10.16"]
[WhiteTeam "SSC Rostock III"]
[BlackTeam "SG Neubrandenburg II"]

1. e4 c5 2. b3 e6 3. Bb2 Nc6 4. Nf3 d6 5. d4 cxd4 6. Nxd4 a6 7. c4 Nf6 8. Nxc6
bxc6 9. e5 Ne4 10. Bd3 Qa5+ 11. Ke2 Nc5 12. exd6 Qd8 13. g3 Qxd6 14. Bc2 e5 15.
Qxd6 Bxd6 16. Rd1 Bc7 17. Ba3 Ne6 18. Be4 Bd7 19. Nc3 O-O-O 20. f3 Nd4+ 21. Kf2
f5 22. Bb1 Rhe8 23. Ne2 Nxe2 24. Kxe2 e4 25. fxe4 Be5 26. Bc2 fxe4 27. Rxd7
Bxa1 28. Rxd8+ Kxd8 29. Ke3 g6 30. Bxe4 Kc7 31. Bc5 Bg7 32. Kf3 Rd8 33. Ke2 Bh6
34. Bb4 Rc8 35. Kf3 Bf8 36. Bd2 Bd6 37. Ba5+ Kd7 38. Bd2 Rf8+ 39. Ke2 Bc5 40.
Be1 Bg1 41. h3 Re8 42. Kd3 c5 43. Bd2 Ke6 44. Bd5+ Kf5 45. g4+ Kf6 46. Bb7 Rd8+
47. Ke2 Ke5 48. Bc1 Bd4 49. Bd5 Rf8 50. Bf3 Kd6 51. Bd2 Be5 52. Bd5 Bf4 53. Ba5
Re8+ 54. Kf3 Be3 55. Be1 Bd4 56. Bg3+ Be5 57. Be1 g5 58. Be4 Rf8+ 59. Bf5 Bf4
60. Bf2 h6 61. Ke4 Re8+ 62. Kd3 a5 63. a4 Kc6 64. Be4+ Kb6 65. Bd5 Rh8 66. Bf7
Be5 67. Ke2 Bd4 68. Bg3 Rf8 69. Bg6 Rf6 70. Bf5 Rf7 71. Kd3 Re7 72. Be4 Be5 73.
Be1 Rf7 74. Bf5 Bh2 75. Bc3 Bf4 76. Be1 h5 77. Bc3 hxg4 78. hxg4 Rf8 79. Be4
Rd8+ 80. Bd5 Rd7 81. Be1 Rh7 82. Bf3 Rh3 83. Ke4 Rh2 84. Bc3 Rf2 85. Bd1 Rf1
86. Bc2 Rc1 87. Kd3 Rg1 88. b4 axb4 89. Bf6 Rxg4 90. Bd8+ Kc6 91. a5 Bc7 92.
Ba4+ Kb7 93. a6+ Kxa6 94. Bxc7 Rd4+ 95. Ke3 Rxc4 96. Bd1 Rc3+ 97. Kd2 Kb5 98.
Bd8 Rg3 99. Bf6 Rg2+ 100. Kc1 c4 101. Bd4 c3 102. Bf3 Rh2 103. Be5 Rf2 104. Bg4
Ka4 105. Bd1+ Ka3 106. Bd4 Rg2 107. Bf3 Rg3 108. Bd1 b3 109. Be5 Rd3 110. Be2
Rd2 111. Bc4 b2+ 112. Kb1 Rd1+ 113. Kc2 b1=Q+ 114. Kxc3 Qc1# 0-1

[Event "1617LLO"]
[Site "Mecklenburg-Vorpommern"]
[Date "2017.01.15"]
[Round "5.2"]
[White "Rehbein, Hans Juergen"]
[Black "Wurst, Maximilian"]
[Result "1/2-1/2"]
[WhiteElo "1730"]
[BlackElo "1659"]
[PlyCount "41"]
[EventDate "2016.11.06"]
[EventType "team-tourn"]
[EventRounds "9"]
[SourceDate "2016.10.16"]
[WhiteTeam "SG Neubrandenburg II"]
[BlackTeam "SSC Rostock III"]

1. Nf3 Nc6 2. b3 d6 3. Bb2 e5 4. d3 Nf6 5. Nbd2 Be7 6. g3 Bf5 7. e4 Bg4 8. c3
d5 9. Be2 dxe4 10. Nxe4 Nxe4 11. dxe4 Qxd1+ 12. Rxd1 O-O 13. O-O Rfd8 14. Kg2
a6 15. h3 Bxf3+ 16. Bxf3 Rd6 17. Rxd6 Bxd6 18. Rd1 Rd8 19. Be2 Bc5 20. Rxd8+
Nxd8 21. Bg4 1/2-1/2

[Event "1617LLO"]
[Site "Mecklenburg-Vorpommern"]
[Date "2017.01.15"]
[Round "5.3"]
[White "Wegner, Michael"]
[Black "Lange, Ingo"]
[Result "0-1"]
[WhiteElo "1604"]
[BlackElo "1729"]
[PlyCount "90"]
[EventDate "2016.11.06"]
[EventType "team-tourn"]
[EventRounds "9"]
[SourceDate "2016.10.16"]
[WhiteTeam "SSC Rostock III"]
[BlackTeam "SG Neubrandenburg II"]

1. e4 c6 2. Nc3 d5 3. d4 dxe4 4. Nxe4 Bf5 5. Ng3 Bg6 6. Nf3 Nd7 7. Bd3 Bxd3 8.
Qxd3 Ngf6 9. O-O e6 10. b3 Be7 11. Bb2 O-O 12. Rfe1 Rc8 13. Qe2 Nd5 14. Ne4
N7f6 15. Nxf6+ Bxf6 16. c4 Nf4 17. Qe4 Qc7 18. Rad1 Rfd8 19. Bc1 Ng6 20. h4 Qa5
21. Re2 Ne7 22. g4 g6 23. Bg5 Bxg5 24. Nxg5 Rc7 25. Qf4 Nc8 26. Qf6 Re7 27. h5
h6 28. Re5 Qxe5 29. Qxe5 hxg5 30. h6 f5 31. Qf6 Kh7 32. Qxg5 Rf8 33. f3 Ref7
34. Re1 Rf6 35. Re2 R8f7 36. Kg2 Nd6 37. d5 cxd5 38. cxd5 fxg4 39. fxg4 Rf2+
40. Rxf2 Rxf2+ 41. Kg1 Ne4 42. Qe7+ Kxh6 43. Qxe6 Rf4 44. d6 Nc5 45. d7 Nxe6
0-1

[Event "1617LLO"]
[Site "Mecklenburg-Vorpommern"]
[Date "2017.01.15"]
[Round "5.4"]
[White "Friedrich, Joerg"]
[Black "Wurst, Benedikt"]
[Result "1/2-1/2"]
[WhiteElo "1599"]
[BlackElo "1575"]
[PlyCount "106"]
[EventDate "2016.11.06"]
[EventType "team-tourn"]
[EventRounds "9"]
[SourceDate "2016.10.16"]
[WhiteTeam "SG Neubrandenburg II"]
[BlackTeam "SSC Rostock III"]

1. f4 Nf6 2. Nf3 d5 3. b3 e6 4. Bb2 Be7 5. d3 c5 6. Nbd2 b6 7. e4 d4 8. Ne5
Nbd7 9. Nc6 Qc7 10. Nxe7 Kxe7 11. g3 e5 12. f5 g6 13. Bh3 gxf5 14. Bxf5 Nf8 15.
Bxc8 Qxc8 16. Qe2 Ng6 17. O-O-O Qg4 18. Qf2 Qe6 19. h3 Raf8 20. Rdf1 Ne8 21.
Qf5 Ng7 22. Qf3 f5 23. Qg2 Rhg8 24. Nc4 f4 25. gxf4 exf4 26. e5 b5 27. Nd6 Nf5
28. Nxb5 Ng3 29. Ba3 Qb6 30. Nxd4 Nxh1 31. Qxh1 Ke8 32. Qa8+ Qd8 33. Qxd8+ Kxd8
34. Ne6+ Kd7 35. Nxf8+ Rxf8 36. Bxc5 Rf5 37. Bxa7 Rxe5 38. Bb8 Rb5 39. Ba7 Ra5
40. Bd4 Rxa2 41. Kd2 Ra6 42. Ra1 Rd6 43. Ra7+ Ke6 44. c3 h5 45. Bc5 Rd5 46. d4
Kf5 47. Ke2 Kg5 48. Be7+ Kf5 49. Kf3 Ne5+ 50. dxe5 Rd3+ 51. Kg2 Rxc3 52. Ra3
Kxe5 53. Ra5+ Ke6 1/2-1/2

[Event "1617LLO"]
[Site "Mecklenburg-Vorpommern"]
[Date "2017.01.15"]
[Round "5.6"]
[White "Dupke, Andreas"]
[Black "Wurst, Oliver"]
[Result "1-0"]
[WhiteElo "1762"]
[BlackElo "1557"]
[PlyCount "49"]
[EventDate "2016.11.06"]
[EventType "team-tourn"]
[EventRounds "9"]
[SourceDate "2016.10.16"]
[WhiteTeam "SG Neubrandenburg II"]
[BlackTeam "SSC Rostock III"]

1. e4 c5 2. Nf3 d6 3. d4 cxd4 4. Nxd4 Nf6 5. Nc3 a6 6. Be2 e6 7. Be3 Be7 8. O-O
O-O 9. f4 Qc7 10. a4 Nc6 11. Bf3 Rd8 12. Qe2 Nd7 13. Bg4 Bf6 14. Nxe6 fxe6 15.
Bxe6+ Kh8 16. Nd5 Qb8 17. Qh5 Bd4 18. Bxd4 Nxd4 19. Bf7 Nf8 20. f5 Bd7 21. Rad1
Qa7 22. Kh1 Be8 23. Ne7 Bxf7 24. Qxf7 b5 25. Qg8# 1-0

[Event "1617LLO"]
[Site "Mecklenburg-Vorpommern"]
[Date "2017.01.15"]
[Round "5.7"]
[White "Ewert, Gerd"]
[Black "Suckow, Ingo"]
[Result "1/2-1/2"]
[WhiteElo "1320"]
[BlackElo "1748"]
[PlyCount "41"]
[EventDate "2016.11.06"]
[EventType "team-tourn"]
[EventRounds "9"]
[SourceDate "2016.10.16"]
[WhiteTeam "SSC Rostock III"]
[BlackTeam "SG Neubrandenburg II"]

1. e4 d6 2. d4 Nf6 3. Nc3 g6 4. Nf3 Bg7 5. Be2 O-O 6. O-O c6 7. h3 Nbd7 8. Be3
e5 9. Re1 h6 10. Qc1 Kh7 11. Bd3 a6 12. Ne2 Qc7 13. Ng3 b5 14. c3 Bb7 15. Bd2
c5 16. d5 c4 17. Bc2 Nc5 18. Re3 a5 19. b4 axb4 20. cxb4 Na4 21. a3 1/2-1/2

[Event "1617LLO"]
[Site "Mecklenburg-Vorpommern"]
[Date "2017.01.15"]
[Round "5.8"]
[White "Schulz, Daniel"]
[Black "Breuel, Steffen"]
[Result "1-0"]
[WhiteElo "1589"]
[BlackElo "1208"]
[PlyCount "39"]
[EventDate "2016.11.06"]
[EventType "team-tourn"]
[EventRounds "9"]
[SourceDate "2016.10.16"]
[WhiteTeam "SG Neubrandenburg II"]
[BlackTeam "SSC Rostock III"]

1. e4 g6 2. d4 Bg7 3. Nc3 d6 4. Be3 Nd7 5. Bc4 e5 6. Nge2 Ne7 7. O-O c5 8. dxc5
dxc5 9. f4 exf4 10. Nxf4 O-O 11. Nfd5 Nxd5 12. Qxd5 Ne5 13. Qxc5 Nxc4 14. Qxc4
Be6 15. Qb4 Bxc3 16. Qxc3 Qh4 17. Rf4 Qg5 18. Rf6 Qb5 19. Bh6 Rfc8 20. Rxg6+
1-0

[Event "1617LLO"]
[Site "Mecklenburg-Vorpommern"]
[Date "2017.02.26"]
[Round "6.2"]
[White "Pawlick, Helmut"]
[Black "Wurst, Maximilian"]
[Result "1-0"]
[WhiteElo "1830"]
[BlackElo "1659"]
[PlyCount "71"]
[EventDate "2016.11.06"]
[EventType "team-tourn"]
[EventRounds "9"]
[SourceDate "2016.10.16"]
[WhiteTeam "RUGIA Bergen"]
[BlackTeam "SSC Rostock III"]

1. e4 e5 2. Nf3 Nc6 3. Bc4 Nf6 4. Ng5 d5 5. exd5 Nxd5 6. Nxf7 Kxf7 7. Qf3+ Ke8
8. Bxd5 Qf6 9. Bxc6+ bxc6 10. Qe2 Bf5 11. d3 Bb4+ 12. Bd2 Bd6 13. Nc3 Qg6 14.
O-O-O Qxg2 15. Rdg1 Qh3 16. Rg3 Qh4 17. Bg5 Qb4 18. Bd2 Rb8 19. Nd1 Qb5 20. Bc3
Rg8 21. Ne3 Bg6 22. Nc4 e4 23. Rxg6 hxg6 24. Qxe4+ Kd7 25. Qxg6 Rbf8 26. Ne3
Kc8 27. h4 Rxf2 28. Qe6+ Kb7 29. Qxg8 Bf4 30. Bd2 Qc5 31. Qb3+ Kc8 32. Qe6+ Kb7
33. Re1 Rh2 34. Nf1 Qf2 35. Qb3+ Kc8 36. Re8+ 1-0

[Event "1617LLO"]
[Site "Mecklenburg-Vorpommern"]
[Date "2017.02.26"]
[Round "6.3"]
[White "Wegner, Michael"]
[Black "Pawlowicz, Karsten"]
[Result "0-1"]
[WhiteElo "1604"]
[BlackElo "1631"]
[PlyCount "60"]
[EventDate "2016.11.06"]
[EventType "team-tourn"]
[EventRounds "9"]
[SourceDate "2016.10.16"]
[WhiteTeam "SSC Rostock III"]
[BlackTeam "RUGIA Bergen"]

1. e4 c5 2. Nf3 Nc6 3. Bc4 d6 4. Nc3 a6 5. a4 e6 6. O-O Be7 7. d4 cxd4 8. Nxd4
Nxd4 9. Qxd4 Bf6 10. Qd3 Be7 11. Qg3 Qc7 12. Bb3 g6 13. Rd1 Nf6 14. Bf4 e5 15.
Bh6 Be6 16. Rac1 O-O-O 17. Nd5 Bxd5 18. exd5 Nh5 19. Qh3+ Qd7 20. Qc3+ Qc7 21.
Qe3 f5 22. f4 e4 23. Bg5 Bxg5 24. fxg5 Rde8 25. g3 Rhf8 26. Rd4 Kb8 27. Rc4 Qg7
28. Qb6 Qe7 29. Rb4 Qc7 30. Qxa6 Qc5+ 0-1

[Event "1617LLO"]
[Site "Mecklenburg-Vorpommern"]
[Date "2017.02.26"]
[Round "6.4"]
[White "Tabbert, Dirk"]
[Black "Wurst, Benedikt"]
[Result "1/2-1/2"]
[WhiteElo "1642"]
[BlackElo "1575"]
[PlyCount "124"]
[EventDate "2016.11.06"]
[EventType "team-tourn"]
[EventRounds "9"]
[SourceDate "2016.10.16"]
[WhiteTeam "RUGIA Bergen"]
[BlackTeam "SSC Rostock III"]

1. c4 c6 2. Nc3 d5 3. cxd5 cxd5 4. d4 e6 5. g3 Nf6 6. Bg2 Qc7 7. a3 a6 8. Nf3
h6 9. Bf4 Bd6 10. Bxd6 Qxd6 11. Rc1 Bd7 12. O-O O-O 13. Ne5 Nc6 14. Nxd7 Qxd7
15. Na4 Qe7 16. e3 Na5 17. Nb6 Rab8 18. Qa4 Nc6 19. Rc2 Qd8 20. Qb3 Na5 21. Qb4
Nc6 22. Qc5 Nd7 23. Nxd7 Qxd7 24. Rfc1 Rfc8 25. Qb6 Kf8 26. Bf1 Ne7 27. Bd3
Rxc2 28. Rxc2 Rc8 29. Rc5 Rxc5 30. dxc5 Qc6 31. Qd8+ Qe8 32. Qc7 Qc8 33. Qd6
Qc6 34. Qb8+ Qc8 35. Qxc8+ Nxc8 36. Kf1 Ke7 37. Ke2 Kd7 38. b4 Kc6 39. a4 Na7
40. e4 a5 41. exd5+ Kxd5 42. bxa5 Kxc5 43. a6 bxa6 44. Bxa6 Kb4 45. Ke3 Kxa4
46. f4 Ka5 47. Bc4 Kb6 48. f5 Kc6 49. fxe6 f6 50. Ke4 g6 51. h4 Nc8 52. Bb3 Kd6
53. h5 Ke7 54. hxg6 Kf8 55. Kd5 Ne7+ 56. Kd6 Nxg6 57. Bc2 Ne7 58. Kd7 Nd5 59.
Bb3 Ne7 60. g4 f5 61. gxf5 Nxf5 62. Bd1 Ne7 1/2-1/2

[Event "1617LLO"]
[Site "Mecklenburg-Vorpommern"]
[Date "2017.02.26"]
[Round "6.5"]
[White "Worm, Alfred"]
[Black "Scheel, Manfred"]
[Result "1/2-1/2"]
[WhiteElo "1591"]
[BlackElo "1676"]
[PlyCount "99"]
[EventDate "2016.11.06"]
[EventType "team-tourn"]
[EventRounds "9"]
[SourceDate "2016.10.16"]
[WhiteTeam "SSC Rostock III"]
[BlackTeam "RUGIA Bergen"]

1. e4 e5 2. Nc3 Nf6 3. f4 exf4 4. e5 Ng8 5. d4 d6 6. Nf3 a6 7. Bxf4 Bg4 8. Bc4
Nc6 9. O-O Bxf3 10. Rxf3 Qd7 11. e6 fxe6 12. Bxe6 Qxe6 13. Re3 Ne5 14. dxe5
O-O-O 15. exd6 Qf5 16. Be5 cxd6 17. Bd4 Nh6 18. Bb6 Ng4 19. Rf3 Qh5 20. h3 Ne5
21. Rf4 Qxd1+ 22. Rxd1 Re8 23. Rdf1 Be7 24. Nd5 Bd8 25. Bd4 Kd7 26. Bc3 a5 27.
Kh1 Kc6 28. Bxe5 dxe5 29. Rf7 Kxd5 30. Rxg7 Re7 31. Rd1+ Ke6 32. Rg4 b5 33. c3
Rd7 34. Rxd7 Kxd7 35. Rg7+ Kc8 36. Rf7 h5 37. Kg1 h4 38. Kf1 Re8 39. Ke2 Rg8
40. Kf1 e4 41. Rf5 Re8 42. Rxb5 Kd7 43. b4 axb4 44. cxb4 Kc6 45. a4 Bb6 46. Rf5
e3 47. Rf6+ Kc7 48. Rf7+ Kc8 49. Ke2 Bc7 50. Rf3 1/2-1/2

[Event "1617LLO"]
[Site "Mecklenburg-Vorpommern"]
[Date "2017.02.26"]
[Round "6.6"]
[White "Behrens, Christoph"]
[Black "Raitza, Egon"]
[Result "1-0"]
[WhiteElo "1583"]
[BlackElo "1559"]
[PlyCount "85"]
[EventDate "2016.11.06"]
[EventType "team-tourn"]
[EventRounds "9"]
[SourceDate "2016.10.16"]
[WhiteTeam "RUGIA Bergen"]
[BlackTeam "SSC Rostock III"]

1. e4 e6 2. Nf3 d5 3. exd5 exd5 4. c3 Bd6 5. d4 Bf5 6. Bd3 Bxd3 7. Qxd3 Nf6 8.
O-O O-O 9. Bg5 Nbd7 10. Nbd2 c6 11. Rfe1 Qc7 12. Qf5 Rfe8 13. Bxf6 Nxf6 14. h3
Qd7 15. Qxd7 Nxd7 16. c4 Nf6 17. c5 Bf4 18. g3 Bc7 19. Kf1 Kf8 20. Rxe8+ Rxe8
21. Re1 Nd7 22. Rxe8+ Kxe8 23. Ke2 Nf8 24. Kd3 Ne6 25. Nf1 f5 26. N1h2 Ke7 27.
a3 h5 28. h4 Kf6 29. b4 g5 30. hxg5+ Nxg5 31. Nxg5 Kxg5 32. Nf3+ Kf6 33. Ke3
Bb8 34. Nh4 b6 35. f4 bxc5 36. bxc5 Bc7 37. Nf3 Ba5 38. Ne5 Be1 39. Kf3 Bc3 40.
Nxc6 a6 41. Nb8 Bxd4 42. c6 Bb6 43. Nd7+ 1-0

[Event "1617LLO"]
[Site "Mecklenburg-Vorpommern"]
[Date "2017.02.26"]
[Round "6.7"]
[White "Wurst, Oliver"]
[Black "Jepp, Wolfgang"]
[Result "1-0"]
[WhiteElo "1557"]
[BlackElo "1501"]
[PlyCount "113"]
[EventDate "2016.11.06"]
[EventType "team-tourn"]
[EventRounds "9"]
[SourceDate "2016.10.16"]
[WhiteTeam "SSC Rostock III"]
[BlackTeam "RUGIA Bergen"]

1. d4 d5 2. Nf3 Nf6 3. c4 e6 4. Nc3 Nbd7 5. Bg5 Be7 6. e3 O-O 7. Qc2 c6 8. Bd3
dxc4 9. Bxc4 Nd5 10. Bxe7 Qxe7 11. O-O N7b6 12. Bb3 Bd7 13. Rac1 f6 14. Ne4 Be8
15. Nc5 Bf7 16. Rfe1 Rab8 17. a3 Rfe8 18. Qd2 Nd7 19. h3 Nxc5 20. Rxc5 Nb6 21.
Rec1 Nd7 22. R5c3 Rbd8 23. Qe1 Kf8 24. Nd2 e5 25. Bxf7 Kxf7 26. Nf3 e4 27. Nd2
Nb6 28. Qd1 g6 29. Qb3+ Kg7 30. Qc2 Nd5 31. Rc5 f5 32. Re1 Nb6 33. Re5 Qf7 34.
Rxe8 Rxe8 35. g3 Rd8 36. Qc3 Qd5 37. Nb3 Rd7 38. Nc5 Rf7 39. Rc1 g5 40. a4 h5
41. a5 Nc8 42. Qb4 Nd6 43. Qb3 Qxb3 44. Nxb3 a6 45. Nc5 Kf6 46. Kg2 Rg7 47. Rd1
f4 48. exf4 gxf4 49. d5 f3+ 50. Kh2 Rc7 51. b4 Kg6 52. Ne6 Rc8 53. dxc6 Nb5 54.
cxb7 Rb8 55. Rd7 Re8 56. Nc7 Nxc7 57. Rxc7 1-0

[Event "1617LLO"]
[Site "Mecklenburg-Vorpommern"]
[Date "2017.02.26"]
[Round "6.8"]
[White "Feldt, Horst"]
[Black "Schulze, Christoph"]
[Result "0-1"]
[WhiteElo "1580"]
[BlackElo "1571"]
[PlyCount "48"]
[EventDate "2016.11.06"]
[EventType "team-tourn"]
[EventRounds "9"]
[SourceDate "2016.10.16"]
[WhiteTeam "RUGIA Bergen"]
[BlackTeam "SSC Rostock III"]

1. d4 d6 2. c4 e5 3. dxe5 dxe5 4. Qxd8+ Kxd8 5. e4 c6 6. Nf3 f6 7. Be2 Be6 8.
O-O Nd7 9. a3 a5 10. Nc3 Kc7 11. Be3 Bc5 12. Bd2 Ne7 13. Na4 Nc8 14. b4 Be7 15.
bxa5 Nd6 16. c5 Nxe4 17. Nb6 Rad8 18. Nxd7 Rxd7 19. Bb4 Bxc5 20. a6 b6 21. Rab1
Ra8 22. Bxc5 Nxc5 23. Rfc1 Nxa6 24. Bb5 Nc5 0-1